Powers of Five Sprint - Statistics

General Stats
  • This quiz has been taken 32 times
  • The average score is 7 of 10
Answer Stats
Power Answer % Correct
3 125
100%
2 25
100%
1 5
100%
4 625
95%
5 3125
84%
6 15625
74%
7 78125
63%
8 390625
47%
9 1953125
37%
10 9765625
16%
No matching quizzes found
Score Distribution
Percent of People with Each Score
Percentile by Number Answered
Your Score History
You have not taken this quiz